000 00745nam a2200289Ia 4500
005 20260324130604.0
008 008 260324s9999 xx 000 0 eng d
020 _a9781315260730
037 _aEBOOK
040 _aCRL
040 _beng
040 _cCRL
041 _2eng
041 _aeng
084 _qCRL
100 _aIain L. Fraser; Ulf Olsson; Even Lange; Philip L. Cottrell
_91182347
245 0 _aCentres and Peripheries in Banking
245 4 _bThe Historical Development of Financial Markets
260 _bTaylor and Francis
260 _c2007
365 _a
365 _b240
856 _uhttp://www.taylorfrancis.com/books/9781315260730
942 _cEBOOK
999 _c1778648
_d1778648